1113 1911 1099 1720 1565 1183 1097 1130 1771 1936 1910 1708 1417 1424 1109 1409 1801 1811 1937 1003 1067 1387 1134 1395 1669 1206 1950 1939 1307 1252 1603 1640 1982 1304 1982 1421 1495 1214 1326 1534 1940 1574 1654 1256 1876 1378 1170 1882 1470 1070 1493 1501 1298 1618 1323 1619 1892 1152 1705 1508 1918 1058 1905 1239 1125 1827 1800 1608 1043 1723 1377 1629 1534 1816 1189 1819 1209 1194 1817 1490 1744 1562 1645 1642 1396 1053 1706 1042 1464 1479 1181 1761 1175 1506 1390 1936 1311 1677 1668 BCNSPRNW ULIB Ver.6.0+V

เปลี่ยนเป็นภาษาไทย

Change to English
 แสดงรายละเอียดบรรณานุกรม
  กลับหน้าหลัก

Brief Record : Get Marc (ISO 2709) : E-mail record : QR code < ปิดหน้าต่าง
LEADER : 00000nam 2200000uu 4500
001    13399122899
003     ULIB
008    131028s2013||||th 000 0 eng d
020    ^a1605476307 (paperback) ^c^32.99
020    ^a9781605476308 (paperback)
060  4 WY18.2^b
100 1  ^aTerri Kyle
245 10 ^aStudy guide for essentials of pediatric nursing / ^cTerri Kyle and Susan Carman.
250    ^aSecond ed.
260    ^a[S.l.] : ^bLippincott Williams & Wilkins, ^c2013.
300    ^a232 p. ; ^c28 cm.
520    ^aThis helpful study aid is designed to accompany Essentials of Pediatric Nursing, Second Edition, by Terri Kyle and Susan Carman. Exercises and practice questions are designed to help students retain information and succeed in the classroom. Each chapter contains three sections that, in total, include over 1240 review questions , along with Learning Objectives to ensure students master content from each chapter. Section I: Assessing Your Understanding presents a variety of labeling, sequencing, matching, short-answer, true and false, and fill-in-the-blank questions to test comprehension of key concepts. Section II: Applying Your Knowledge consists of case studies and exercises to enhance critical thinking skills. Section III: Practicing for NCLEX questions help students prepare for the exam with a variety of NCLEX-style review questions.
700 1  ^aSusan Carman
856    ^zpediatric1.jpg (Content)^uhttp://ulibm.bcnsprnw.ac.th/ULIB6//_fulltext/5/13399122899/20150825175202_1147.jpg
856    ^zpediatric3.jpg (Content)^uhttp://ulibm.bcnsprnw.ac.th/ULIB6//_fulltext/5/13399122899/20150825175207_1273.jpg
945    ^p29^l0^i034117
999    ^aเกษร โพธิ์สุวรรณ
รายการนี้ยังไม่มีแท็ก
คุณยังไม่ได้ล็อกอิน คุณสามารถมีกิจกรรมร่วมกับเว็บไซต์ได้ แต่ต้องล็อกอินก่อน ::
  ล็อกอิน

รายการสื่อสารสนเทศ

ลำดับที่ ประเภท เลขเรียก/บาร์โค้ด สถานที่ สถานะ
1. Book การพยาบาล
Book การพยาบาล
WY18.2  
  Barcode: 034117
ห้องสมุดวิทยาเขตสวรรค์ประชารักษ์
►หนังสือทั่วไป
บนชั้น

BibComment


ยังไม่เคยถูกคอมเมนท์

คอมเมนท์ทรัพยากรรายการนี้
  คอมเมนท์: Study guide for ..


 Copyright 2026. Bcnsprnw @Library